000 00398nam a2200181Ia 4500
008 230512s9999 xx 000 0 und d
041 _aeng
082 _a331
100 _aELGER T / SMITH C
245 _aGLOBAL JAPANIZATION
250 _a1
260 _bROUTLEDGE LANDON
300 _a391
365 _b962
500 _aPaper Back
520 _aReference Copy
650 _aGeneral Book
999 _c398355
_d398355